[Event "London PD/GLC Knights"]
[Site "London, County Hall"]
[Date "1984.05.09"]
[Round "14"]
[White "McKay, Roderick M"]
[Black "Large, Peter G"]
[Result "1-0"]
[WhiteElo "2355"]
[BlackElo "2295"]
[PlyCount "81"]
[EventDate "1984.04.26"]
[EventType "tourn"]
[EventRounds "15"]
[EventCountry "ENG"]
[EventCategory "4"]
[SourceTitle "BritBase"]
[Source "John Saunders"]
[SourceDate "2020.09.07"]
[SourceVersion "1"]
[SourceVersionDate "2020.09.07"]
[SourceQuality "2"]

1. e4 e6 2. Qe2 e5 3. Nf3 Nc6 4. c3 d6 5. d4 g6 6. dxe5 dxe5 7. Bg5 Be7 8. h4
h6 9. Be3 Nf6 10. Nbd2 Ng4 11. O-O-O Be6 12. Kb1 Qc8 13. Nh2 Nxe3 14. Qxe3 a6
15. Nhf3 b5 16. Be2 Rb8 17. Nb3 b4 18. c4 a5 19. Rd5 a4 20. Nbd2 Bf6 21. Qc5
Qb7 22. Bd1 Qa6 23. Re1 a3 24. b3 Qb6 25. Bc2 Bxd5 26. Qxb6 cxb6 27. exd5 Nd8
28. Nxe5 Bxe5 29. f4 Nb7 30. fxe5 Nc5 31. Nf3 O-O 32. Nd4 Rbc8 33. h5 gxh5 34.
Rh1 Rfe8 35. Rxh5 Nd7 36. Nc6 Rxc6 37. dxc6 Nxe5 38. c7 Nc6 39. Bf5 Re1+ 40.
Kc2 Ne7 41. Kd2 1-0

[Event "London PD/GLC Knights"]
[Site "London, County Hall"]
[Date "1984.05.09"]
[Round "14"]
[White "Nicholson, John G"]
[Black "Condie, Mark L"]
[Result "0-1"]
[WhiteElo "2260"]
[BlackElo "2340"]
[PlyCount "90"]
[EventDate "1984.04.26"]
[EventType "tourn"]
[EventRounds "15"]
[EventCountry "ENG"]
[EventCategory "4"]
[SourceTitle "BritBase"]
[Source "John Saunders"]
[SourceDate "2020.09.07"]
[SourceVersion "1"]
[SourceVersionDate "2020.09.07"]
[SourceQuality "2"]

1. e4 e5 2. Nf3 Nc6 3. Bb5 a6 4. Ba4 d6 5. Bxc6+ bxc6 6. d4 exd4 7. Qxd4 c5 8.
Qd3 g6 9. Bg5 f6 10. Be3 Be6 11. Nc3 Bg7 12. h4 Qb8 13. h5 Ne7 14. h6 Bf8 15.
Nd5 Nxd5 16. exd5 Bf5 17. Qc3 Be7 18. O-O-O Qb7 19. Rhe1 Rf8 20. Bg5 Kd7 21.
Rxe7+ Kxe7 22. Bxf6+ Kd7 23. Ng5 Rfe8 24. Nxh7 Re2 25. Bg5 Rxc2+ 26. Qxc2 Bxc2
27. Nf6+ Ke7 28. Kxc2 Rb8 29. Ne4+ Kf7 30. Bc1 Qb4 31. Ng5+ Ke7 32. Kb1 Rh8 33.
h7 $2 Qh4 34. Re1+ Kd7 35. Re4 Qh1 36. Rg4 Rxh7 37. Nxh7 Qxh7 38. Rg5 c6 39.
dxc6+ Kxc6 40. f4 Qe7 41. b3 Qe4+ 42. Kb2 Qe2+ 43. Kb1 Kb5 44. a3 a5 45. Rg3 a4
0-1

[Event "London PD/GLC Knights"]
[Site "London, County Hall"]
[Date "1984.05.11"]
[Round "15"]
[White "Large, Peter G"]
[Black "Johansen, Darryl Keith"]
[Result "1/2-1/2"]
[WhiteElo "2295"]
[BlackElo "2475"]
[PlyCount "98"]
[EventDate "1984.04.26"]
[EventType "tourn"]
[EventRounds "15"]
[EventCountry "ENG"]
[EventCategory "4"]
[SourceTitle "BritBase"]
[Source "John Saunders"]
[SourceDate "2020.09.07"]
[SourceVersion "1"]
[SourceVersionDate "2020.09.07"]
[SourceQuality "2"]

1. e4 c5 2. Nf3 e6 3. d4 cxd4 4. Nxd4 Nc6 5. Nc3 a6 6. g3 Nge7 7. Nde2 b5 8.
Bg2 Bb7 9. O-O Nc8 10. b3 Be7 11. Bb2 O-O 12. Nf4 Nd6 13. Qd2 Rc8 14. Rfe1 f6
15. Nd3 Qb6 16. Kh1 Rfd8 17. f4 Nf7 18. Nd5 exd5 19. exd5 Bf8 20. dxc6 dxc6 21.
Re6 Qc7 22. a4 c5 23. axb5 axb5 24. Qe2 c4 25. Ne1 Bxg2+ 26. Nxg2 cxb3 27. cxb3
Qc2 $17 28. Qxc2 Rxc2 29. Bc1 Ne5 $2 (29... Rc3 $15) 30. Ne3 $1 Rd1+ 31. Nxd1
Nf3 32. Ra2 $8 Rxa2 33. Bb2 Ba3 34. Re3 Nd2 35. Rd3 Ne4 36. Bxa3 Rxa3 37. Kg2
f5 38. Kf3 g6 39. g4 $2 Nc5 (39... Rxb3 40. Rxb3 Nd2+ 41. Ke3 Nxb3 42. gxf5
gxf5 43. Nc3 $10) 40. Rd8+ Kf7 41. gxf5 Rxb3+ 42. Ne3 gxf5 43. Rd5 Rc3 44.
Rxf5+ Ke6 45. Rh5 b4 46. Rh6+ Kd7 47. Rxh7+ Kc6 48. Rh6+ Kb5 49. Rh8 b3 1/2-1/2

[Event "London PD/GLC Knights"]
[Site "London, County Hall"]
[Date "1984.05.11"]
[Round "15"]
[White "McNab, Colin Anderson"]
[Black "Nicholson, John G"]
[Result "0-1"]
[WhiteElo "2375"]
[BlackElo "2260"]
[PlyCount "98"]
[EventDate "1984.04.26"]
[EventType "tourn"]
[EventRounds "15"]
[EventCountry "ENG"]
[EventCategory "4"]
[SourceTitle "BritBase"]
[Source "John Saunders"]
[SourceDate "2020.09.07"]
[SourceVersion "1"]
[SourceVersionDate "2020.09.07"]
[SourceQuality "2"]

1. c4 Nf6 2. Nf3 c5 3. g3 b6 4. Bg2 Bb7 5. O-O e6 6. b3 Be7 7. Bb2 O-O 8. d3 d5
9. e3 Nc6 10. Qe2 a6 11. Nc3 dxc4 12. bxc4 Qc7 13. Rab1 Rab8 14. Ba1 Ba8 15.
Ne1 Na7 16. Bxa8 Rxa8 17. f4 Rab8 18. a4 Nd7 19. e4 Nc6 20. Nf3 Nd4 21. Qb2
Rfd8 22. Kg2 Bf8 23. Nxd4 cxd4 24. Ne2 Nc5 25. Qc2 Nxe4 26. Nxd4 Nc5 27. Rf3
Qd7 28. Re1 Nxa4 29. f5 Nc5 30. fxe6 fxe6 31. Rfe3 b5 32. cxb5 Qd5+ 33. Kg1
axb5 34. Re5 Qd6 35. Nxe6 Nxe6 36. Rxe6 Qxd3 37. Qxd3 Rxd3 38. Be5 Rc8 39. Re2
b4 40. Kg2 b3 41. Bb2 h6 42. Kh3 Kh7 43. Rf2 Kg8 44. Kg4 Rcd8 45. Be5 Bc5 46.
Rf4 Re3 47. Kf5 b2 48. Bxb2 Rf8+ 49. Bf6 g6+ 0-1

[Event "London PD/GLC Knights w/d"]
[Site "London, County Hall"]
[Date "1984.04.26"]
[Round "1"]
[White "Wicker, Kevin J"]
[Black "Condie, Mark L"]
[Result "0-1"]
[WhiteElo "2310"]
[BlackElo "2340"]
[PlyCount "62"]
[EventDate "1984.04.26"]
[EventType "tourn"]
[EventRounds "15"]
[EventCountry "ENG"]
[EventCategory "4"]
[SourceTitle "BritBase"]
[Source "John Saunders"]
[SourceDate "2020.09.07"]
[SourceVersion "1"]
[SourceVersionDate "2020.09.07"]
[SourceQuality "2"]

1. c4 e6 2. Nc3 d5 3. d4 Nf6 4. Bg5 Be7 5. e3 O-O 6. cxd5 Nxd5 7. Bxe7 Qxe7 8.
Nf3 Rd8 9. Qb3 c5 10. Rc1 Nc6 11. Bb5 cxd4 12. Nxd5 exd5 13. Bxc6 bxc6 14. Nxd4
Qg5 15. g3 Bh3 16. Rxc6 Rab8 17. Qa3 Qh5 18. Kd2 Bg2 19. Rhc1 Qxh2 20. Rd6 Bh3
21. Rxd8+ Rxd8 22. Qe7 Qxf2+ 23. Ne2 Ra8 24. Qb7 Re8 25. Qxa7 Bg4 26. Re1 h5
27. a4 Re4 28. a5 Kh7 29. Qc5 d4 30. Qc2 Qxe3+ 31. Kd1 d3 0-1

[Event "London PD/GLC Knights w/d"]
[Site "London, County Hall"]
[Date "1984.04.27"]
[Round "2"]
[White "McNab, Colin Anderson"]
[Black "Wicker, Kevin J"]
[Result "1-0"]
[WhiteElo "2375"]
[BlackElo "2310"]
[PlyCount "75"]
[EventDate "1984.04.26"]
[EventType "tourn"]
[EventRounds "15"]
[EventCountry "ENG"]
[EventCategory "4"]
[SourceTitle "BritBase"]
[Source "John Saunders"]
[SourceDate "2020.09.07"]
[SourceVersion "1"]
[SourceVersionDate "2020.09.07"]
[SourceQuality "2"]

1. c4 e5 2. Nc3 Nf6 3. Nf3 Nc6 4. d3 Bb4 5. Bd2 O-O 6. e3 Re8 7. Be2 Bxc3 8.
Bxc3 e4 9. dxe4 Nxe4 10. Qc2 d6 11. O-O Nxc3 12. Qxc3 Bg4 13. Rfe1 Rb8 14. Rad1
Qe7 15. Rd5 Bxf3 16. Bxf3 Ne5 17. Be2 b6 18. b4 Nd7 19. Bf3 Ne5 20. Bd1 Qf6 21.
Qb3 Nc6 22. Bc2 g6 23. Red1 a5 24. a3 axb4 25. axb4 Ra8 26. h3 Re5 27. Qb1 Ne7
28. R5d4 Qe6 29. Bb3 Qf5 30. Qc1 Qe6 31. Qb2 Re4 32. c5 Rxd4 33. Rxd4 Qe5 34.
cxb6 Nc6 35. b7 Rb8 36. Bd5 Nxd4 37. Qxd4 Qxd4 38. exd4 {time} 1-0

[Event "London PD/GLC Knights w/d"]
[Site "London, County Hall"]
[Date "1984.04.28"]
[Round "3"]
[White "Wicker, Kevin J"]
[Black "Britton, Richard"]
[Result "1-0"]
[WhiteElo "2310"]
[BlackElo "2310"]
[PlyCount "55"]
[EventDate "1984.04.26"]
[EventType "tourn"]
[EventRounds "15"]
[EventCountry "ENG"]
[EventCategory "4"]
[SourceTitle "BritBase"]
[Source "John Saunders"]
[SourceDate "2020.09.07"]
[SourceVersion "1"]
[SourceVersionDate "2020.09.07"]
[SourceQuality "2"]

1. d4 Nf6 2. c4 g6 3. Nc3 Bg7 4. e4 O-O 5. g4 d5 6. cxd5 Bxg4 7. Qb3 Bc8 8. e5
Nfd7 9. Be3 c5 10. f4 cxd4 11. Bxd4 Na6 12. h4 h5 13. Nf3 Ndc5 14. Qa3 Bg4 15.
Nh2 Ne4 $6 16. Nxe4 Qxd5 17. Qe3 Nb4 18. Rc1 Rac8 19. Bc3 Nc2+ 20. Rxc2 Qd1+
21. Kf2 Qxc2+ 22. Be2 Bf5 23. Ng3 Bh6 24. Nf3 Be6 25. Rg1 Kh8 26. Nd4 Qa4 27.
a3 Bd5 $4 28. Bb5 1-0

[Event "London PD/GLC Knights w/d"]
[Site "London, County Hall"]
[Date "1984.04.29"]
[Round "4"]
[White "Fischdick, Gisela"]
[Black "Wicker, Kevin J"]
[Result "0-1"]
[WhiteElo "2215"]
[BlackElo "2310"]
[PlyCount "78"]
[EventDate "1984.04.26"]
[EventType "tourn"]
[EventRounds "15"]
[EventCountry "ENG"]
[EventCategory "4"]
[SourceTitle "BritBase"]
[Source "John Saunders"]
[SourceDate "2020.09.07"]
[SourceVersion "1"]
[SourceVersionDate "2020.09.07"]
[SourceQuality "2"]

1. d4 e6 2. c4 Bb4+ 3. Nc3 f5 4. g3 c5 5. Nf3 Nf6 6. Bg2 O-O 7. O-O d6 8. Qc2
Nbd7 9. Nb5 Qe7 10. a3 Ba5 11. dxc5 dxc5 12. Qa4 Bd8 13. Rd1 Ne4 14. Qc2 a6 15.
Nc3 Nxc3 16. Qxc3 Bc7 17. Bg5 Qe8 18. b4 e5 19. Ne1 f4 20. Bd5+ Kh8 21. gxf4
exf4 22. Nf3 Ne5 23. Kh1 Ng4 24. Bh4 Bd8 25. Qe1 Bb6 26. Rac1 Qh5 27. Be7 cxb4
28. c5 Re8 29. cxb6 Rxe7 30. Rc7 Qe8 31. Ng5 h6 32. Nf7+ Kh7 33. Rd4 Bf5 34.
Rxe7 Qxe7 35. Rxf4 Nf6 36. Rxf5 Nxd5 37. Rxd5 Qe4+ 38. f3 Qxd5 39. Qb1+ g6 0-1

[Event "London PD/GLC Knights w/d"]
[Site "London, County Hall"]
[Date "1984.04.30"]
[Round "5"]
[White "Wicker, Kevin J"]
[Black "Nicholson, John G"]
[Result "0-1"]
[WhiteElo "2310"]
[BlackElo "2260"]
[PlyCount "30"]
[EventDate "1984.04.26"]
[EventType "tourn"]
[EventRounds "15"]
[EventCountry "ENG"]
[EventCategory "4"]
[SourceTitle "BritBase"]
[Source "John Saunders"]
[SourceDate "2020.09.07"]
[SourceVersion "1"]
[SourceVersionDate "2020.09.07"]
[SourceQuality "2"]

1. b4 e5 2. a3 Nf6 3. Nf3 d6 4. e3 g6 5. c4 Bg7 6. Bb2 O-O 7. Be2 Re8 8. O-O
Nbd7 9. d3 e4 10. dxe4 Nxe4 11. Bxg7 Kxg7 12. Nbd2 Nc3 13. Qe1 Nxe2+ 14. Qxe2
Qf6 15. Nd4 $4 Qxd4 0-1

[Event "London PD/GLC Knights w/d"]
[Site "London, County Hall"]
[Date "1984.05.01"]
[Round "6"]
[White "Lawton, Geoffrey W"]
[Black "Wicker, Kevin J"]
[Result "1-0"]
[WhiteElo "2395"]
[BlackElo "2310"]
[PlyCount "57"]
[EventDate "1984.04.26"]
[EventType "tourn"]
[EventRounds "15"]
[EventCountry "ENG"]
[EventCategory "4"]
[SourceTitle "BritBase"]
[Source "John Saunders"]
[SourceDate "2020.09.07"]
[SourceVersion "1"]
[SourceVersionDate "2020.09.07"]
[SourceQuality "2"]

1. e4 e6 2. d4 d5 3. Nd2 Ne7 4. Ngf3 b6 5. c3 c6 6. exd5 cxd5 7. Ne5 f6 8. Nd3
Ng6 9. h4 Bd6 10. Nf3 O-O 11. h5 Ne7 12. g3 Nbc6 13. Bf4 Bxf4 14. gxf4 Qd6 15.
Qd2 Na5 16. O-O-O Ba6 17. Re1 Nf5 18. Nh4 Rfe8 19. Kb1 Nh6 20. Rg1 Rac8 21. Rg3
Re7 22. Bh3 Rce8 23. Ng2 Nf5 24. Rf3 g6 25. hxg6 hxg6 26. Ne3 Nh4 27. Rg3 Bxd3+
28. Qxd3 Qxf4 29. Ng2 $1 1-0